Optimalizácia procesov vo výrobnom podniku
Proces optimalizácie. Dostupné alternatívy optimalizácie procesov podniku. Výhody a nevýhody využitia externého subjektu. Swot analýza -využitie externého subjektu. Swot analýza - interný subjekt.
Saved in:
| Main Author: | |
|---|---|
| Other Authors: | |
| Format: | Book Chapter |
| Language: | Slovak |
| Subjects: | |
| Tags: |
No Tags, Be the first to tag this record!
|
MARC
| LEADER | 00000nla a2200000 4500 | ||
|---|---|---|---|
| 001 | 0194017 | ||
| 005 | 20240502073240.4 | ||
| 041 | 0 | |a slo | |
| 044 | |a SK | ||
| 245 | 1 | 0 | |a Optimalizácia procesov vo výrobnom podniku |c Zuzana Hajduová, Peter Remiáš |
| 520 | |a Proces optimalizácie. Dostupné alternatívy optimalizácie procesov podniku. Výhody a nevýhody využitia externého subjektu. Swot analýza -využitie externého subjektu. Swot analýza - interný subjekt. | ||
| 610 | 2 | 0 | |a optimalizácia |
| 610 | 2 | 0 | |a procesy podnikové |
| 610 | 2 | 0 | |a analýza swot |
| 610 | 2 | 0 | |a podnik výrobný |
| 100 | 1 | |a Hajduová, Zuzana, 1974- | |
| 700 | 1 | |a Remiáš, Peter | |